Paintings! - Statistics

General Stats
  • This quiz has been taken 49 times
  • The average score is 7 of 15
Answer Stats
Hint Answer % Correct
Which American artist is considered as the father of American Pop Art? His work included “Campbell’s Soup Cans”,”Shot sage Blue Marilyn” and “Mao”. Andy Warhol
79%
Which Spanish painter created artwork such as “Saturn devouring his son” and “The Third of May”? Francisco Goya
79%
Which Russian artist is known as the father of abstract art, and has created paintings such as “Composition VII” and “The Blue Rider”? Wassily Kandinsky
79%
Which Greek painter and sculptor, whose real name is Domenikos Theotokopoulos, created masterpieces such as “View of Toledo”, “The Disrobing of Christ” and “The Holy Trinity”? El Greco
74%
This French Impressionist and painter is known for his artwork such as “The Basket of Apples” and “The Large Bathers”. Name him? Paul Cezanne
63%
This Belgian surrealist painter is known for his work such as “The Son of a Man”, “The lovers” and “Golconda”. Name him. Rene Magritte
63%
The most expensive painting done by a woman to ever be sold is “Jimson Weed/White Flower No.1”, who painted it? Georgia O’Keeffe
47%
Which painting is known as the masterpiece created by Eugene Delacroix, which portrays a woman raising the French flag? Liberty Leading the People
42%
Which artistic movement was started by Henry Matisse and Andre Derain, which included the use of bold, non-naturalistic colours? Fauvism
37%
“The Raft of the Medusa” is an oil painting which can be seen at the Louvre art museum. Which French painter is credited for its creation? Theodore Gericault
34%
In which island of Indonesia can you find the Leang Tedongnge cave arts, which are the oldest representative art to ever be found? Sulawesi
32%
“Water lilies, Self portrait of Van Gogh, Tahitian women on the beach and Luncheon on the grass” are some artwork seen at a particular art museum in Paris. Name it. Musee d’Orsay
21%
In which museum in St. Petersburg can you observe famous artwork such as “The Dance” by Henry Matisse? Hermitage Museum
18%
Which Ghanaian Sculptor is known for his artwork made using recycled material such as “Dusasa I”,”Bleeding Takari II” and “Gli”? El Anatsui
5%
Which Japanese artist is known for her paintings using polka dots and infinitely mirrored rooms? Yayoi Kusuma
0%
No matching quizzes found
Score Distribution
Percent of People with Each Score
Percentile by Number Answered
Your Score History
You have not taken this quiz